Welcome to Marium Abdulla Library

Embrace knowledge with a breath of fresh air.

Browse Collection

Marium Abdulla Library

World textiles : a visual guide to traditional techniques (Record no. 10040)

MARC details
000 -LEADER
fixed length control field 00561nam a2200241Ia 4500
001 - CONTROL NUMBER
control field 12291
003 - CONTROL NUMBER IDENTIFIER
control field IVS
005 - DATE AND TIME OF LATEST TRANSACTION
control field 20250626030528.0
008 - FIXED-LENGTH DATA ELEMENTS--GENERAL INFORMATION
fixed length control field 211022s9999 xx 000 0 und d
020 ## - INTERNATIONAL STANDARD BOOK NUMBER
International Standard Book Number 0821226215
040 ## - CATALOGING SOURCE
Transcribing agency IVS
082 ## - DEWEY DECIMAL CLASSIFICATION NUMBER
Classification number 746.09 GIL
Item number 12291
Edition information 23
100 ## - MAIN ENTRY--PERSONAL NAME
Personal name Gillow, John
245 #0 - TITLE STATEMENT
Title World textiles : a visual guide to traditional techniques
260 ## - PUBLICATION, DISTRIBUTION, ETC.
Place of publication, distribution, etc. Boston
260 ## - PUBLICATION, DISTRIBUTION, ETC.
Name of publisher, distributor, etc. "Little, Brown and Co"
260 ## - PUBLICATION, DISTRIBUTION, ETC.
Date of publication, distribution, etc. 1999
300 ## - PHYSICAL DESCRIPTION
Extent 240
650 ## - SUBJECT ADDED ENTRY--TOPICAL TERM
Topical term or geographic name entry element Embroidery
650 ## - SUBJECT ADDED ENTRY--TOPICAL TERM
Topical term or geographic name entry element Dyes
650 ## - SUBJECT ADDED ENTRY--TOPICAL TERM
Topical term or geographic name entry element Sewing
942 ## - ADDED ENTRY ELEMENTS (KOHA)
Koha item type Reference
Source of classification or shelving scheme Dewey Decimal Classification
Suppress in OPAC No
Holdings
Date last seen Total checkouts Full call number Barcode Price effective from Koha item type Lost status Damaged status Not for loan Collection Withdrawn status Home library Current library Shelving location Date acquired Source of acquisition Cost, normal purchase price
10/26/2021   746.09 GIL 12291 10/26/2021 Reference       Textile   Marium Abdulla Library Marium Abdulla Library Reference 05/27/2016 Book Network International 8560.00